Tennis : Les vainqueurs en Masters 1000 - Mort subite - Statistiques

Statistiques générales
  • Ce quiz a été pris 1 388 fois
  • Le résultat moyen est 13 sur 50
Answers on the Grid
Answers color-coded by a green-red scale on the quiz's grid according to % correct below.
Djokovic
Berrettini
Federer
Raonic
C. Costa
Söderling
Pavel
Tsonga
Lajovic
Gonzalez
Khachanov
Mirnyi
Opelka
Sinner
Nadal
Fognini
Alcaraz
Rinderknech
Enqvist
Safin
Rosset
Struff
Novak
Davydenko
Verdasco
Massu
Humbert
Rios
Tsitsipas
Davidovich Fokina
Henman
Rune
Wawrinka
Gustafsson
Shapovalov
Blake
D. Medvedev
Ivanisevic
Janowicz
Monfils
Rublev
Nalbandian
Krickstein
Hurkacz
Murray
Björkman
Stepanek
Auger-Aliassime
Muster
A. Zverev
Musetti
Forget
Dimitrov
Kafelnikov
Agassi
Hrbaty
Mancini
De Minaur
Jarry
Berdych
Washington
Ljubicic
Mensik
Schwartzman
Cilic
Fritz
Kyrgios
Arazi
Carreño Busta
Vacherot
Basilashvili
Mantilla
Bautista Agut
Fish
Thiem
Schüttler
Coric
Krajinovic
Grosjean
Ferrer
Goffin
Woodbridge
Shelton
Robredo
Sock
Gasquet
Ramos-Viñolas
Haarhuis
Draper
Cañas
Nishikori
Kiefer
Norrie
Simon
Calleri
Tiafoe
Ruud
Isner
Del Potro
Gilbert
 
Statistiques - réponses
Réponse % Correct
Djokovic
97%
Federer
81%
Nadal
62%
Sinner
59%
Alcaraz
56%
Tsonga
56%
Tsitsipas
43%
D. Medvedev
42%
Murray
42%
A. Zverev
41%
Wawrinka
40%
Khachanov
35%
Rune
35%
Fognini
33%
Söderling
32%
Rublev
30%
Safin
29%
Agassi
28%
Del Potro
28%
Vacherot
28%
Fritz
26%
Ruud
26%
Dimitrov
25%
Thiem
25%
Hurkacz
22%
Cilic
21%
Draper
21%
Ferrer
20%
Isner
20%
Davydenko
19%
Mensik
19%
Norrie
17%
Sock
17%
Nalbandian
16%
Berdych
15%
Coric
15%
Shelton
14%
Carreño Busta
12%
Rios
12%
Ivanisevic
10%
Forget
9%
Ljubicic
9%
Muster
9%
Enqvist
7%
Grosjean
6%
Henman
5%
Cañas
3%
Pavel
3%
Robredo
3%
Mantilla
2%
Aucun quiz correspondant
Distribution des résultats
% des personnes avec chaque résultat
Percentile par nombre de réponses
Votre historique - résultats
Vous n’avez pas pris ce quiz